Control fiscal ambiental Tomo I / (Registro nro. 11591)

Detalles MARC
000 -LEADER
fixed length control field 01171nam a2200217Ia 4500
003 - CONTROL NUMBER IDENTIFIER
control field OSt
005 - DATE AND TIME OF LATEST TRANSACTION
control field 20210429145208.0
008 - FIXED-LENGTH DATA ELEMENTS--GENERAL INFORMATION
fixed length control field 210310s2006 ck ao gr 000 0 spa d
020 ## - INTERNATIONAL STANDARD BOOK NUMBER
International Standard Book Number 9587100654
040 ## - CATALOGING SOURCE
Original cataloging agency CO-JMCR
Transcribing agency CO-JMCR
041 0# - LANGUAGE CODE
Language code of text/sound track or separate title spa
082 04 - DEWEY DECIMAL CLASSIFICATION NUMBER
Classification number 333.717 /
Item number C657c
Edition number 23
110 2# - MAIN ENTRY--CORPORATE NAME
Corporate name or jurisdiction name as entry element Universidad Externado de Colombia
9 (RLIN) 8197
245 10 - TITLE STATEMENT
Title Control fiscal ambiental Tomo I /
Statement of responsibility, etc. Universidad Externado de Colombia
250 ## - EDITION STATEMENT
Edition statement Primera edición
260 ## - PUBLICATION, DISTRIBUTION, ETC.
Place of publication, distribution, etc. Bogotá :
Name of publisher, distributor, etc. Universidad Externado de Colombia.
Date of publication, distribution, etc. 2006.
300 ## - PHYSICAL DESCRIPTION
Extent 313 páginas :
Other physical details ilustraciones y fotografías en blanco y negro ;
Dimensions 24 cm.
505 0# - FORMATTED CONTENTS NOTE
Title Consideraciones preliminares sobre el control fiscal ambiental. /
Statement of responsibility Óscar González Arena. --
Title marco legal del control fiscal ambiental Colombia /
Statement of responsibility Álvaro Villate Supelano. --
Title Alcances y limitaciones de la valoración económica de los bienes y servicios ambientales. /
Statement of responsibility Carmenza Castiblanco Rozo. --
Title Estado actual del control fiscal ambiental en Colombia. /
Statement of responsibility Martha Cecilia Vélez Vélez. --
Title El control fiscal ambiental. /
Statement of responsibility Luis Francisco Peña Angulo. --
Title Control fiscal ambiental
650 ## - SUBJECT ADDED ENTRY--TOPICAL TERM
Topical term or geographic name entry element #N/A
9 (RLIN) 25929
942 ## - ADDED ENTRY ELEMENTS (KOHA)
Source of classification or shelving scheme Dewey Decimal Classification
Koha item type Books
Existencias
Withdrawn status Lost status Source of classification or shelving scheme Damaged status Not for loan Home library Current library Shelving location Date acquired Source of acquisition Full call number Barcode Date last seen Copy number Price effective from Koha item type
    Dewey Decimal Classification     Biblioteca Pública José María del Castillo y Rada Biblioteca Pública José María del Castillo y Rada General Stacks 04/15/2018 Donación 333.717 / C657c 430003623 05/16/2024 Ej.1 03/10/2021 Books